ბათუმის შოთა რუსთაველის სახელმწიფო უნივერსიტეტის ბიბლიოთეკა

მათემატიკა : მე-5 კლასი : (ბიბ.ჩანაწერი № 63118)

000 -ლიდერი
ფიქსირებული სიგრძის საკონტროლო ველი 01942nam a22002537a 4500
003 - საკონტროლო ნომრის იდენტიფიკატორი
საკონტროლო ველი Ge_BSU
005 - ბოლო ოპერაციის თარიღი და დრო
საკონტროლო ველი 20250605171743.0
008 - ფიქსირებული სიგრძის მონაცემთა ელემენტები - ზოგადი ინფორმაცია
ფიქსირებული სიგრძის საკონტროლო ველი 250605s2018 ge ||||| |||| 00| 0 geo d
020 ## - წიგნის საერთაშორისო სტანდარტული ნომერი
International Standard Book Number 9789941476761
041 ## - ენის კოდი
Language code of text/sound track or separate title geo
080 ## - უნივერსალური ათობითი კლასიფიკაციის ინდექსი
Universal Decimal Classification number 51(075.8) მ-15
245 ## - ცნობა სათაურის შესახებ
Title მათემატიკა : მე-5 კლასი :
Remainder of title მოსწავლის წიგნი. ნაწილი 3 /
Statement of responsibility, etc გურამ გოგიშვილი, თეიმურაზ ვეფხვაძე, ია მებონია, ლამარა ქურჩიშვილი; რედაქტორი თეიმურაზ ვეფხვაძე; მხატვარი ნინო ფერაძე; გარეკანის დიზაინერები: გურამ გოგიშვილი, ილია ხელაია.
264 ## - წარმოების, გამოცემის, დისტრიბუციის და სხვა ცნობები
გამოცემის, წარმოების, დისტრიბუციის... ადგილი თბილისი :
გამოცემის, წარმოების, დისტრიბუციის... სახელწოდება ინტელექტი,
გამოცემის, წარმოების, დისტრიბუციის... თარიღი 2018.
300 ## - ფიზიკური აღწერა
Extent 132 გვ. :
Other physical details ილ.
Dimensions 28 სმ.
500 ## - ზოგადი შენიშვნა
General note გრიფი მინიჭებულია საქართველოს განათლების, მეცნიერების, კულტურისა და სპორტის სამინისტროს მიერ 2018 წლის 24 ივლისს, ბრძანება #25
653 ## - INDEX TERM--UNCONTROLLED
Uncontrolled term მათემატიკა
700 ## - ADDED ENTRY--PERSONAL NAME
Personal name გოგიშვილი, გურამ
Relator term ავტორი
9 (RLIN) 25279
700 ## - ADDED ENTRY--PERSONAL NAME
Personal name ვეფხვაძე, თეიმურაზ
Relator term ავტორი
9 (RLIN) 25280
700 ## - ADDED ENTRY--PERSONAL NAME
Personal name მებონია, ია
Relator term ავტორი
9 (RLIN) 25281
700 ## - ADDED ENTRY--PERSONAL NAME
Personal name ქურჩიშვილი, ლამარა
Relator term ავტორი
9 (RLIN) 25282
700 ## - ADDED ENTRY--PERSONAL NAME
Personal name ფერაძე, ნინო
Relator term მხატვარი
9 (RLIN) 13832
700 ## - ADDED ENTRY--PERSONAL NAME
Personal name ხელაია, ილია
Relator term გარეკანის დიზაინერი
9 (RLIN) 25283
942 ## - ADDED ENTRY ELEMENTS (KOHA)
Source of classification or shelving scheme
Koha item type წიგნი
ეგზემპლარები
ჩამოწერის სტატუსი დაკარგული ეგზემპლარის სტატუსი კლასიფიკაციის წყარო ან თაროზე გაწყობის სქემა დაზიანების სტატუსი არ გაიცემა მუდმივი მდებარეობა (დაცვის ადგილი) ამჟამინდელი ადგილსამყოფელი თაროზე განთავსების ადგილი შეძენის თარიღი ღირებულება, შესყიდვის ნორმალური ფასი სრული შენახვის შიფრი შტრიხკოდი ბოლო ოპერაციის თარიღი ეგზემპლარის მიმდევრობითი ნომერი (კეტერი?) ფასის ძალაში შესვლის თარიღი ეგზემპლარის სახეობა საჯარო შენიშვნა
          ბათუმის შოთა რუსთაველის სახელმწიფო უნივერსიტეტის მთავარი ბიბლიოთეკა ბათუმის შოთა რუსთაველის სახელმწიფო უნივერსიტეტის მთავარი ბიბლიოთეკა წიგნსაცავი 2025-06-05 8.00 51(075.8) მ-15 71706 2025-06-05 71706 2025-06-05 წიგნი 8 ლ.
          ბათუმის შოთა რუსთაველის სახელმწიფო უნივერსიტეტის მთავარი ბიბლიოთეკა ბათუმის შოთა რუსთაველის სახელმწიფო უნივერსიტეტის მთავარი ბიბლიოთეკა წიგნსაცავი 2025-06-05 8.00 51(075.8) მ-15 71707 2025-06-05 71707 2025-06-05 წიგნი 8 ლ.
          ბათუმის შოთა რუსთაველის სახელმწიფო უნივერსიტეტის მთავარი ბიბლიოთეკა ბათუმის შოთა რუსთაველის სახელმწიფო უნივერსიტეტის მთავარი ბიბლიოთეკა წიგნსაცავი 2025-06-05 8.00 51(075.8) მ-15 71708 2025-06-05 71708 2025-06-05 წიგნი 8 ლ.
          ბათუმის შოთა რუსთაველის სახელმწიფო უნივერსიტეტის მთავარი ბიბლიოთეკა ბათუმის შოთა რუსთაველის სახელმწიფო უნივერსიტეტის მთავარი ბიბლიოთეკა წიგნსაცავი 2025-06-05 8.00 51(075.8) მ-15 71709 2025-06-05 71709 2025-06-05 წიგნი 8 ლ.
          ბათუმის შოთა რუსთაველის სახელმწიფო უნივერსიტეტის მთავარი ბიბლიოთეკა ბათუმის შოთა რუსთაველის სახელმწიფო უნივერსიტეტის მთავარი ბიბლიოთეკა წიგნსაცავი 2025-06-05 8.00 51(075.8) მ-15 71710 2025-06-05 71710 2025-06-05 წიგნი 8 ლ.